000 00512cam a22002051i 4500
001 sa 64004280
003 DLC
005 20260227112023.0
008 830509s1963 io a 000 1 ind
010 _asa 64004280
035 _a(OCoLC)9492964
040 _aDLC
_cOAU
_dDLC
042 _apremarc
050 0 0 _aPL5089.T3
_bG8
100 1 _aTahar, Tabrin.
245 1 0 _aGuruh kering /
_cTabrin Tahar.
250 _aTjet. 1.
260 _aDjakarta ;
_bBwaro Niaga,
_c1963.
300 _a81 p. :
_bill. ;
_c16 cm.
999 _c58410
_d58410